[Event "London Classic op U2050-B 11th"]
[Site "London"]
[Date "2019.12.02"]
[Round "1"]
[White "Stern, Robert C"]
[Black "Cheon, Sehyuk"]
[Result "1/2-1/2"]
[WhiteElo "1864"]
[BlackElo "1576"]
[PlyCount "62"]
[EventDate "2019.12.02"]
[EventType "swiss"]
[EventRounds "5"]
[EventCountry "ENG"]
[SourceTitle "CBM 195 Extra"]
[Source "ChessBase"]
[SourceDate "2020.05.31"]
[SourceVersion "1"]
[SourceVersionDate "2020.05.31"]
[SourceQuality "1"]

1. e4 c5 2. Nf3 e6 3. b3 Qc7 4. Bb2 Nc6 5. d4 cxd4 6. Nxd4 a6 7. Bd3 Nf6 8. Nd2 Be7 9. 0-0 0-0 10. Kh1 Nxd4 11. Bxd4 e5 12. Bb2 d6 13. c4 Be6 14. f4 Ng4 15. Qe2 exf4 16. Rxf4 Ne5 17. h3 Bf6 18. Rb1 Nxd3 19. Qxd3 Bxb2 20. Rxb2 d5 21. Rf1 dxc4 22. Nxc4 Rfd8 23. Qe2 Bxc4 24. Qxc4 Rac8 25. Qxc7 Rxc7 26. Kh2 g6 27. Rf6 Re8 28. Re2 Re6 29. Rxe6 fxe6 30. Kg3 Kf7 31. Kf4 h6 1/2-1/2

[Event "Wch U08"]
[Site "Batumi"]
[Date "2016.10.20"]
[Round "2"]
[White "Szigeti, Adam"]
[Black "Cheon, Sehyuk"]
[Result "0-1"]
[WhiteElo "1259"]
[BlackElo "1507"]
[PlyCount "44"]
[EventDate "2016.10.19"]
[EventType "swiss"]
[EventRounds "11"]
[EventCountry "GEO"]
[SourceTitle "CBM 175 Extra"]
[Source "ChessBase"]
[SourceDate "2016.12.12"]
[SourceVersion "1"]
[SourceVersionDate "2016.12.12"]
[SourceQuality "1"]

1. e4 e6 2. d4 d5 3. Nc3 Bb4 4. e5 c5 5. Nge2 Nc6 6. Be3 cxd4 7. Nxd4 Nxe5 8. f4 Nc6 9. Bb5 Bd7 10. Nxc6 bxc6 11. Bd4 Nf6 12. Ba4 c5 13. Bxd7+ Nxd7 14. Bxg7 Rg8 15. Be5 Nxe5 16. fxe5 d4 17. Qf3 dxc3 18. bxc3 Ba5 19. Qc6+ Kf8 20. Qxc5+ Kg7 21. Qe3 Rc8 22. Kf2 Bb6 0-1